BiotechUSA marketing tevékenységének vizsgálata
| Szerző: | |
|---|---|
| További közreműködők: | |
| Dokumentumtípus: | Diplomadolgozat |
| Kulcsszavak: | cégelemzés Étrendkiegészítő marketing sport sportmarketing |
| Online Access: | http://dolgozattar.uni-bge.hu/45803 |
MARC
| LEADER | 00000nta a2200000 i 4500 | ||
|---|---|---|---|
| 001 | dolg45803 | ||
| 005 | 20230803162802.0 | ||
| 008 | 230803suuuu hu om 000 hun d | ||
| 040 | |a BGE Dolgozattár Repozitórium |b hun | ||
| 041 | |a hu | ||
| 100 | 1 | |a Papp Dávid | |
| 245 | 1 | 0 | |a BiotechUSA marketing tevékenységének vizsgálata |c Papp Dávid |h [elektronikus dokumentum] |
| 520 | 3 | |a Szakdolgozatom fő célja, hogy elemezzem milyen marketingstratégiával jutottak el odáig, hogy ma már egy sikeres magyar vállalkozásként tartják számon őket. Több kutatási kérdésre kerestem a választ, primer és szekunder kutatás segítségével. Az egyik ilyen, hogy megismertem a cég történetét, így komplexebb képet kaptam, milyen mérföldkövek voltak a sikerhez vezető úton. Továbbá kiderül dolgozatomból, hogy a a sportolók mellett, új célcsoportjukat milyen marketingeszközökkel próbálják megszólítani. Ezek mellett szekunder kutatásomban az egészség fontosságát, étrendkiegészítőket, és a sport marketinget is érintettem. | |
| 695 | |a cégelemzés | ||
| 695 | |a Étrendkiegészítő | ||
| 695 | |a marketing | ||
| 695 | |a sport | ||
| 695 | |a sportmarketing | ||
| 700 | 1 | |a Molnár Zsolt |e ths | |
| 856 | 4 | 0 | |u http://dolgozattar.uni-bge.hu/45803/1/Papp_D%C3%A1vid_BioTechUSA_szakdolgozat_2023.pdf |z Dokumentum-elérés |
| 856 | 4 | 0 | |u http://dolgozattar.uni-bge.hu/45803/2/SzakdolgozatB%C3%ADr%C3%A1latPappD%C3%A1vid.pdf |z Dokumentum-elérés |
| 856 | 4 | 0 | |u http://dolgozattar.uni-bge.hu/45803/3/Papp_David_belso_2023.pdf |z Dokumentum-elérés |